| 000 | 00898cam a22003017a 4500 | ||
|---|---|---|---|
| 003 | CHAP | ||
| 005 | 20220329140157.0 | ||
| 008 | 971013s1986 r 00010 d | ||
| 010 | _a48120 | ||
| 011 | _a49092 | ||
| 035 | _a53240 | ||
| 040 | _cCHAP | ||
| 090 | _aFolleto 10121 | ||
| 100 | 0 | 0 |
_aVázquez Dávila, Marco Antonio. _9120342 |
| 245 | 1 | 3 | _aEl cultivo de camelia (Camellia spp.) |
| 260 |
_aChapingo, Méx. : _bUACH. Departamento de Fitotecnia, _c1986 |
||
| 300 |
_a21 h. _b: ilus. |
||
| 500 | _aFotocopia | ||
| 590 |
_aBATCH-UPD _b10 _c20130110 _lUCH01 _h1551 |
||
| 590 |
_aBATCH-UPD _b10 _c20130410 _lUCH01 _h0949 |
||
| 590 |
_aBATCH-UPD _b10 _c20130914 _lUCH01 _h0904 |
||
| 590 |
_aCONVERSION _b10 _c20130109 _lUCH01 _h1326 |
||
| 650 | 1 | 4 |
_aCamellia. _917827 |
| 650 | 1 | 4 |
_aFlores. _941358 |
| 901 | _aBK | ||
| 942 | _cFOLL | ||
| 949 |
_aFolleto 10121 _bBC _cFOLL _d-118184 _eTS1 _i53240 _mD _si |
||
| 999 |
_c48120 _d48120 |
||